Gobierno, empresarios y políticas de ajuste/Eliana Franco; Carlos Soto
Պահպանված է:
| Հիմնական հեղինակ: | |
|---|---|
| Ձևաչափ: | Գիրք |
| Լեզու: | Spanish |
| Խորագրեր: | |
| Ցուցիչներ: |
Ավելացրեք ցուցիչ
Չկան պիտակներ, Եղեք առաջինը, ով նշում է այս գրառումը!
|
MARC
| LEADER | 00000nam a22000007a 4500 | ||
|---|---|---|---|
| 003 | cru CIDCACS/IIS | ||
| 005 | 20200925161315.0 | ||
| 008 | 170330b1992 CR ||||| |||| 00| 0 spa d | ||
| 040 | |c CRAI/IIS |a CRAI/IIS | ||
| 090 | |a 04.03.02 F825g | ||
| 100 | 1 | |9 3798 |a Franco, Eliana | |
| 245 | |a Gobierno, empresarios y políticas de ajuste/Eliana Franco; Carlos Soto | ||
| 300 | |a 210 páginas | ||
| 600 | 1 | 0 | |9 3800 |a REFORMA ADMINISTRATIVA |
| 942 | |2 ddc |c LI | ||
| 999 | |c 19088 |d 19088 | ||
